<?xml version="1.0" encoding="UTF-8"?>
<collection xmlns="http://www.loc.gov/MARC21/slim">
 <record>
  <leader>01958pam a22002418a 4500</leader>
  <controlfield tag="001">00043789</controlfield>
  <controlfield tag="005">20190313140346.0</controlfield>
  <controlfield tag="008">110627s2007                  ||||||Viesd</controlfield>
  <datafield tag="020" ind1="#" ind2="#">
   <subfield code="c">32000</subfield>
  </datafield>
  <datafield tag="041" ind1="0" ind2="#">
   <subfield code="a">Vie</subfield>
  </datafield>
  <datafield tag="082" ind1="1" ind2="4">
   <subfield code="a">519.2</subfield>
   <subfield code="b">X101S</subfield>
  </datafield>
  <datafield tag="100" ind1="0" ind2="#">
   <subfield code="a">Đào Hữu Hồ</subfield>
  </datafield>
  <datafield tag="245" ind1="0" ind2="0">
   <subfield code="a">Xác suất thống kê</subfield>
   <subfield code="c">Đào Hữu Hồ</subfield>
  </datafield>
  <datafield tag="250" ind1="#" ind2="#">
   <subfield code="a">In lần thứ mười</subfield>
  </datafield>
  <datafield tag="260" ind1="#" ind2="#">
   <subfield code="a">Hà Nội</subfield>
   <subfield code="b">ĐHQG Hà Nội</subfield>
   <subfield code="c">2010</subfield>
  </datafield>
  <datafield tag="300" ind1="#" ind2="#">
   <subfield code="c">21cm.</subfield>
   <subfield code="a">258tr.</subfield>
  </datafield>
  <datafield tag="650" ind1="#" ind2="4">
   <subfield code="a">Giáo trình</subfield>
  </datafield>
  <datafield tag="650" ind1="#" ind2="4">
   <subfield code="a">Xác suất thống kê</subfield>
  </datafield>
  <datafield tag="653" ind1="#" ind2="#">
   <subfield code="a">Hàm phân phối</subfield>
  </datafield>
  <datafield tag="653" ind1="#" ind2="#">
   <subfield code="a">Đại lượng ngẫu nhiên</subfield>
  </datafield>
  <datafield tag="852" ind1="#" ind2="#">
   <subfield code="j">KD.0025496</subfield>
   <subfield code="j">KGT.0055541</subfield>
   <subfield code="j">KGT.0055542</subfield>
   <subfield code="j">KGT.0055382</subfield>
   <subfield code="j">KGT.0055383</subfield>
   <subfield code="j">KGT.0055384</subfield>
   <subfield code="j">KGT.0055385</subfield>
   <subfield code="j">KGT.0055386</subfield>
   <subfield code="j">KGT.0055387</subfield>
   <subfield code="j">KGT.0055388</subfield>
   <subfield code="j">KGT.0055389</subfield>
   <subfield code="j">KGT.0055390</subfield>
   <subfield code="j">KGT.0055391</subfield>
   <subfield code="j">KGT.0055392</subfield>
   <subfield code="j">KGT.0055393</subfield>
   <subfield code="j">KGT.0055394</subfield>
   <subfield code="j">KGT.0055395</subfield>
   <subfield code="j">KGT.0055396</subfield>
   <subfield code="j">KGT.0055397</subfield>
   <subfield code="j">KGT.0055398</subfield>
   <subfield code="j">KGT.0055399</subfield>
   <subfield code="j">KGT.0055400</subfield>
   <subfield code="j">KGT.0055401</subfield>
   <subfield code="j">KGT.0055402</subfield>
   <subfield code="j">KGT.0055403</subfield>
   <subfield code="j">KGT.0055404</subfield>
   <subfield code="j">KGT.0055405</subfield>
   <subfield code="j">KGT.0055406</subfield>
   <subfield code="j">KGT.0055407</subfield>
   <subfield code="j">KGT.0055408</subfield>
   <subfield code="j">KGT.0055409</subfield>
   <subfield code="j">KGT.0055410</subfield>
   <subfield code="j">KGT.0055411</subfield>
   <subfield code="j">KGT.0055412</subfield>
   <subfield code="j">KGT.0055413</subfield>
   <subfield code="j">KGT.0055414</subfield>
   <subfield code="j">KGT.0055415</subfield>
   <subfield code="j">KGT.0055416</subfield>
   <subfield code="j">KGT.0055417</subfield>
   <subfield code="j">KGT.0055418</subfield>
   <subfield code="j">KGT.0055419</subfield>
   <subfield code="j">KGT.0055420</subfield>
   <subfield code="j">KGT.0055421</subfield>
   <subfield code="j">KGT.0055422</subfield>
   <subfield code="j">KGT.0055423</subfield>
   <subfield code="j">KGT.0055424</subfield>
   <subfield code="j">KGT.0055425</subfield>
   <subfield code="j">KGT.0055426</subfield>
   <subfield code="j">KGT.0055427</subfield>
   <subfield code="j">KGT.0055428</subfield>
   <subfield code="j">KGT.0055429</subfield>
   <subfield code="j">KGT.0055430</subfield>
   <subfield code="j">KGT.0055431</subfield>
   <subfield code="j">KGT.0055432</subfield>
   <subfield code="j">KGT.0055433</subfield>
   <subfield code="j">KGT.0055434</subfield>
   <subfield code="j">KGT.0055435</subfield>
   <subfield code="j">KGT.0055436</subfield>
   <subfield code="j">KGT.0055437</subfield>
   <subfield code="j">KGT.0055438</subfield>
   <subfield code="j">KGT.0055439</subfield>
   <subfield code="j">KGT.0055440</subfield>
   <subfield code="j">KGT.0055441</subfield>
   <subfield code="j">KGT.0055442</subfield>
   <subfield code="j">KGT.0055443</subfield>
   <subfield code="j">KGT.0055444</subfield>
   <subfield code="j">KGT.0055445</subfield>
   <subfield code="j">KGT.0055446</subfield>
   <subfield code="j">KGT.0055447</subfield>
   <subfield code="j">KGT.0055448</subfield>
   <subfield code="j">KGT.0055449</subfield>
   <subfield code="j">KGT.0055450</subfield>
   <subfield code="j">KGT.0055451</subfield>
   <subfield code="j">KGT.0055452</subfield>
   <subfield code="j">KGT.0055453</subfield>
   <subfield code="j">KGT.0055454</subfield>
   <subfield code="j">KGT.0055455</subfield>
   <subfield code="j">KGT.0055456</subfield>
   <subfield code="j">KGT.0055457</subfield>
   <subfield code="j">KGT.0055458</subfield>
   <subfield code="j">KGT.0055459</subfield>
   <subfield code="j">KGT.0055460</subfield>
   <subfield code="j">KGT.0055461</subfield>
   <subfield code="j">KGT.0055462</subfield>
   <subfield code="j">KGT.0055463</subfield>
   <subfield code="j">KGT.0055464</subfield>
   <subfield code="j">KGT.0055465</subfield>
   <subfield code="j">KGT.0055466</subfield>
   <subfield code="j">KGT.0055467</subfield>
   <subfield code="j">KGT.0055468</subfield>
   <subfield code="j">KGT.0055469</subfield>
   <subfield code="j">KGT.0055470</subfield>
   <subfield code="j">KGT.0055471</subfield>
  </datafield>
  <datafield tag="910" ind1="0" ind2="#">
   <subfield code="d">13/3/2019</subfield>
  </datafield>
  <datafield tag="980" ind1="#" ind2="#">
   <subfield code="a">Trung tâm Học liệu Lê Vũ Hùng, Trường Đại học Đồng Tháp</subfield>
  </datafield>
 </record>
</collection>
